Critical security studies and world politics. / (Record no. 14100)

000 -LEADER
fixed length control field 00614nam a2200193 a 4500
001 - CONTROL NUMBER
control field ASINB001K2EVIE
005 - DATE AND TIME OF LATEST TRANSACTION
control field 20170105102847.0
008 - FIXED-LENGTH DATA ELEMENTS--GENERAL INFORMATION
fixed length control field 130816s xxu eng d
040 ## - CATALOGING SOURCE
Original cataloging agency 0
082 ## - DEWEY DECIMAL CLASSIFICATION NUMBER
Classification number 355.033
100 1# - MAIN ENTRY--PERSONAL NAME
Personal name Booth., Ed. by Ken.
245 10 - TITLE STATEMENT
Title Critical security studies and world politics. /
Statement of responsibility, etc. Ed. by Ken Booth.
260 ## - PUBLICATION, DISTRIBUTION, ETC.
Place of publication, distribution, etc. [S.l.] :
Name of publisher, distributor, etc. Lynne Rienner Publishers, Inc.,
300 ## - PHYSICAL DESCRIPTION
Extent 1 v. (unpaged)
490 1# - SERIES STATEMENT
Series statement Critical security studies.
830 #0 - SERIES ADDED ENTRY--UNIFORM TITLE
Uniform title Critical security studies.
856 40 - ELECTRONIC LOCATION AND ACCESS
Materials specified Amazon.com
Uniform Resource Identifier <a href="http://www.amazon.com/exec/obidos/ASIN/B001K2EVIE/chopaconline-20">http://www.amazon.com/exec/obidos/ASIN/B001K2EVIE/chopaconline-20</a>
942 ## - ADDED ENTRY ELEMENTS (KOHA)
Source of classification or shelving scheme
Koha item type Book
Holdings
Withdrawn status Lost status Damaged status Not for loan Collection code Permanent Location Current Location Shelving location Date acquired Total Checkouts Full call number Barcode Date last seen Price effective from Koha item type
          Centre for International Peace & Stability (CIPS) Centre for International Peace & Stability (CIPS) General Stacks 08/16/2013   355.033 CRI 2005 CIPS0000034 08/16/2013 01/05/2017 Book
          Centre for International Peace & Stability (CIPS) Centre for International Peace & Stability (CIPS) General Stacks 03/22/2016   355.033 CRI 2005 CIPS0002807 03/22/2016 01/05/2017 Book
© 2023 Central Library, National University of Sciences and Technology. All Rights Reserved.